<?xml version="1.0" encoding="UTF-8"?>
<record
    xmlns:xsi="http://www.w3.org/2001/XMLSchema-instance"
    xsi:schemaLocation="http://www.loc.gov/MARC21/slim http://www.loc.gov/standards/marcxml/schema/MARC21slim.xsd"
    xmlns="http://www.loc.gov/MARC21/slim">

  <leader>02204nam a2200277   4500</leader>
  <controlfield tag="003">NALT</controlfield>
  <controlfield tag="005">20260305102433.0</controlfield>
  <controlfield tag="008">260223b        th ||||| |||| 00| 0 tha d</controlfield>
  <datafield tag="020" ind1=" " ind2=" ">
    <subfield code="a">9786165050586</subfield>
  </datafield>
  <datafield tag="040" ind1=" " ind2=" ">
    <subfield code="a">NALT</subfield>
  </datafield>
  <datafield tag="090" ind1=" " ind2=" ">
    <subfield code="a">KC 13</subfield>
    <subfield code="b">&#xE2A;747&#xE2D; 2561</subfield>
  </datafield>
  <datafield tag="110" ind1="2" ind2=" ">
    <subfield code="a">&#xE21;&#xE2B;&#xE32;&#xE27;&#xE34;&#xE17;&#xE22;&#xE32;&#xE25;&#xE31;&#xE22;&#xE2A;&#xE38;&#xE42;&#xE02;&#xE17;&#xE31;&#xE22;&#xE18;&#xE23;&#xE23;&#xE21;&#xE32;&#xE18;&#xE34;&#xE23;&#xE32;&#xE0A;. </subfield>
    <subfield code="b">&#xE2A;&#xE32;&#xE02;&#xE32;&#xE27;&#xE34;&#xE0A;&#xE32;&#xE19;&#xE34;&#xE15;&#xE34;&#xE28;&#xE32;&#xE2A;&#xE15;&#xE23;&#xE4C;</subfield>
    <subfield code="9">15895</subfield>
  </datafield>
  <datafield tag="245" ind1="1" ind2="0">
    <subfield code="a">&#xE40;&#xE2D;&#xE01;&#xE2A;&#xE32;&#xE23;&#xE01;&#xE32;&#xE23;&#xE2A;&#xE2D;&#xE19;&#xE0A;&#xE38;&#xE14;&#xE27;&#xE34;&#xE0A;&#xE32; &#xE01;&#xE0E;&#xE2B;&#xE21;&#xE32;&#xE22;&#xE2D;&#xE32;&#xE0D;&#xE32; 2 : </subfield>
    <subfield code="b">&#xE20;&#xE32;&#xE04;&#xE04;&#xE27;&#xE32;&#xE21;&#xE1C;&#xE34;&#xE14; &#xE2B;&#xE19;&#xE48;&#xE27;&#xE22;&#xE17;&#xE35;&#xE48; 11-15 /</subfield>
    <subfield code="c">&#xE2A;&#xE32;&#xE02;&#xE32;&#xE27;&#xE34;&#xE0A;&#xE32;&#xE19;&#xE34;&#xE15;&#xE34;&#xE28;&#xE32;&#xE2A;&#xE15;&#xE23;&#xE4C; &#xE21;&#xE2B;&#xE32;&#xE27;&#xE34;&#xE17;&#xE22;&#xE32;&#xE25;&#xE31;&#xE22;&#xE2A;&#xE38;&#xE42;&#xE02;&#xE17;&#xE31;&#xE22;&#xE18;&#xE23;&#xE23;&#xE21;&#xE32;&#xE18;&#xE34;&#xE23;&#xE32;&#xE0A;. </subfield>
  </datafield>
  <datafield tag="250" ind1=" " ind2=" ">
    <subfield code="a">&#xE1E;&#xE34;&#xE21;&#xE1E;&#xE4C;&#xE04;&#xE23;&#xE31;&#xE49;&#xE07;&#xE17;&#xE35;&#xE48; 14 (&#xE09;&#xE1A;&#xE31;&#xE1A;&#xE1B;&#xE23;&#xE31;&#xE1A;&#xE1B;&#xE23;&#xE38;&#xE07;&#xE04;&#xE23;&#xE31;&#xE49;&#xE07;&#xE17;&#xE35;&#xE48; 2).</subfield>
  </datafield>
  <datafield tag="260" ind1=" " ind2=" ">
    <subfield code="a">&#xE19;&#xE19;&#xE17;&#xE1A;&#xE38;&#xE23;&#xE35; : </subfield>
    <subfield code="b">&#xE2A;&#xE33;&#xE19;&#xE31;&#xE01;&#xE1E;&#xE34;&#xE21;&#xE1E;&#xE4C;&#xE21;&#xE2B;&#xE32;&#xE27;&#xE34;&#xE17;&#xE22;&#xE32;&#xE25;&#xE31;&#xE22;&#xE2A;&#xE38;&#xE42;&#xE02;&#xE17;&#xE31;&#xE22;&#xE18;&#xE23;&#xE23;&#xE21;&#xE32;&#xE18;&#xE34;&#xE23;&#xE32;&#xE0A;, </subfield>
    <subfield code="c">2561.</subfield>
  </datafield>
  <datafield tag="300" ind1=" " ind2=" ">
    <subfield code="a">1 &#xE40;&#xE25;&#xE48;&#xE21; :</subfield>
    <subfield code="b">&#xE20;&#xE32;&#xE1E;&#xE1B;&#xE23;&#xE30;&#xE01;&#xE2D;&#xE1A; ;</subfield>
    <subfield code="c">29 &#xE0B;&#xE21;.</subfield>
  </datafield>
  <datafield tag="505" ind1="2" ind2=" ">
    <subfield code="a">&#xE2B;&#xE19;&#xE48;&#xE27;&#xE22;&#xE17;&#xE35;&#xE48; 11 &#xE04;&#xE27;&#xE32;&#xE21;&#xE1C;&#xE34;&#xE14;&#xE10;&#xE32;&#xE19;&#xE25;&#xE31;&#xE01;&#xE17;&#xE23;&#xE31;&#xE1E;&#xE22;&#xE4C;&#xE41;&#xE25;&#xE30;&#xE27;&#xE34;&#xE48;&#xE07;&#xE23;&#xE32;&#xE27;&#xE17;&#xE23;&#xE31;&#xE1E;&#xE22;&#xE4C; -- &#xE2B;&#xE19;&#xE48;&#xE27;&#xE22;&#xE17;&#xE35;&#xE48; 12 &#xE04;&#xE27;&#xE32;&#xE21;&#xE1C;&#xE34;&#xE14;&#xE10;&#xE32;&#xE19;&#xE01;&#xE23;&#xE23;&#xE42;&#xE0A;&#xE01; &#xE23;&#xE35;&#xE14;&#xE40;&#xE2D;&#xE32;&#xE17;&#xE23;&#xE31;&#xE1E;&#xE22;&#xE4C; &#xE0A;&#xE34;&#xE07;&#xE17;&#xE23;&#xE31;&#xE1E;&#xE22;&#xE4C; &#xE41;&#xE25;&#xE30;&#xE1B;&#xE25;&#xE49;&#xE19;&#xE17;&#xE23;&#xE31;&#xE1E;&#xE22;&#xE4C; -- &#xE2B;&#xE19;&#xE48;&#xE27;&#xE22;&#xE17;&#xE35;&#xE48; 13 &#xE04;&#xE27;&#xE32;&#xE21;&#xE1C;&#xE34;&#xE14;&#xE10;&#xE32;&#xE19;&#xE09;&#xE49;&#xE2D;&#xE42;&#xE01;&#xE07; &#xE42;&#xE01;&#xE07;&#xE40;&#xE08;&#xE49;&#xE32;&#xE2B;&#xE19;&#xE35;&#xE49; &#xE41;&#xE25;&#xE30;&#xE22;&#xE31;&#xE01;&#xE22;&#xE2D;&#xE01; -- &#xE2B;&#xE19;&#xE48;&#xE27;&#xE22;&#xE17;&#xE35;&#xE48; 14 &#xE04;&#xE27;&#xE32;&#xE21;&#xE1C;&#xE34;&#xE14;&#xE10;&#xE32;&#xE19;&#xE23;&#xE31;&#xE1A;&#xE02;&#xE2D;&#xE07;&#xE42;&#xE08;&#xE23; &#xE17;&#xE33;&#xE43;&#xE2B;&#xE49;&#xE40;&#xE2A;&#xE35;&#xE22;&#xE17;&#xE23;&#xE31;&#xE1E;&#xE22;&#xE4C;&#xE41;&#xE25;&#xE30;&#xE1A;&#xE38;&#xE01;&#xE23;&#xE38;&#xE01; -- &#xE2B;&#xE19;&#xE48;&#xE27;&#xE22;&#xE17;&#xE35;&#xE48; 15 &#xE04;&#xE27;&#xE32;&#xE21;&#xE1C;&#xE34;&#xE14;&#xE25;&#xE2B;&#xE38;&#xE42;&#xE17;&#xE29;.</subfield>
  </datafield>
  <datafield tag="650" ind1=" " ind2="4">
    <subfield code="a">&#xE04;&#xE27;&#xE32;&#xE21;&#xE23;&#xE31;&#xE1A;&#xE1C;&#xE34;&#xE14;&#xE17;&#xE32;&#xE07;&#xE2D;&#xE32;&#xE0D;&#xE32;</subfield>
    <subfield code="9">33730</subfield>
  </datafield>
  <datafield tag="650" ind1=" " ind2="4">
    <subfield code="a">&#xE01;&#xE0E;&#xE2B;&#xE21;&#xE32;&#xE22;&#xE2D;&#xE32;&#xE0D;&#xE32;</subfield>
    <subfield code="z">&#xE44;&#xE17;&#xE22; </subfield>
    <subfield code="9">29813</subfield>
  </datafield>
  <datafield tag="653" ind1=" " ind2="4">
    <subfield code="a">&#xE04;&#xE27;&#xE32;&#xE21;&#xE1C;&#xE34;&#xE14;&#xE17;&#xE32;&#xE07;&#xE2D;&#xE32;&#xE0D;&#xE32;</subfield>
  </datafield>
  <datafield tag="942" ind1=" " ind2=" ">
    <subfield code="2">local</subfield>
    <subfield code="c">LB</subfield>
  </datafield>
  <datafield tag="996" ind1=" " ind2=" ">
    <subfield code="a">jidapa.t</subfield>
    <subfield code="b">ACQSTF</subfield>
    <subfield code="c">2026-02-23</subfield>
  </datafield>
  <datafield tag="996" ind1=" " ind2=" ">
    <subfield code="a">varee.k</subfield>
    <subfield code="b">LIBSTF</subfield>
    <subfield code="c">2026-02-23</subfield>
  </datafield>
  <datafield tag="996" ind1=" " ind2=" ">
    <subfield code="a">saiphon.d</subfield>
    <subfield code="b">CATSTF	</subfield>
    <subfield code="c">2026-03-05</subfield>
  </datafield>
  <datafield tag="999" ind1=" " ind2=" ">
    <subfield code="c">107808</subfield>
    <subfield code="d">107808</subfield>
  </datafield>
  <datafield tag="998" ind1=" " ind2=" ">
    <subfield code="j">104</subfield>
    <subfield code="k"> &#xE19;&#xE32;&#xE07;&#xE2A;&#xE32;&#xE27;&#xE2A;&#xE32;&#xE22;&#xE1D;&#xE19;  &#xE14;&#xE35;&#xE07;&#xE32;&#xE21;</subfield>
  </datafield>
  <datafield tag="952" ind1=" " ind2=" ">
    <subfield code="0">0</subfield>
    <subfield code="1">0</subfield>
    <subfield code="2">local</subfield>
    <subfield code="4">0</subfield>
    <subfield code="7">0</subfield>
    <subfield code="8">CLAW</subfield>
    <subfield code="a">NALT</subfield>
    <subfield code="b">NALT</subfield>
    <subfield code="c">LAW</subfield>
    <subfield code="d">2026-02-23</subfield>
    <subfield code="l">0</subfield>
    <subfield code="o">KC 13 &#xE2A;747&#xE2D; 2561</subfield>
    <subfield code="p">3961216188</subfield>
    <subfield code="r">2026-02-23 00:00:00</subfield>
    <subfield code="w">2026-02-23</subfield>
    <subfield code="y">LB</subfield>
  </datafield>
</record>
